Online Catalogue and eLibrary

Makkal totarpu Catanamum Makalirum (Record no. 1126)

MARC details
000 -LEADER
fixed length control field 00412nam a2200157Ia 4500
005 - DATE AND TIME OF LATEST TRANSACTION
control field 20250522014628.0
008 - FIXED-LENGTH DATA ELEMENTS--GENERAL INFORMATION
fixed length control field 240331s9999 xx 000 0 und d
082 ## - DDC Classification
Class No. 302.23
Item Number - Author Mark SOM
100 ## - MAIN ENTRY--PERSONAL NAME
Personal name Chandrika, Somasundaram
245 #0 - TITLE STATEMENT
Title Makkal totarpu Catanamum Makalirum
260 ## - PUBLICATION, DISTRIBUTION, ETC.
Place of publication, distribution, etc. Colombo
Name of publisher, distributor, etc. Women's Education & Research Centre
Date of publication, distribution, etc. 1990
300 ## - PHYSICAL DESCRIPTION
Extent (e.g. Volumes, Pages etc.) 28 p .,
650 ## - SUBJECT ADDED ENTRY--TOPICAL TERM
Topical term or geographic name entry element Women
650 ## - SUBJECT ADDED ENTRY--TOPICAL TERM
Topical term or geographic name entry element Mass Media
942 ## - Koha item type (Biblio)
Koha item type Books in Stacks (Lending)
Holdings
Lost status Damaged status Collection code Home library Current library Shelving location Date acquired Full call number Accession Number Item type
    Lending WERC Library WERC Library Social Science Cupboard 03/31/2024 302.23 SOM 1187 Books in Stacks (Lending)

© WERC Library